| 000 | 00604nam a2200229Ia 4500 | ||
|---|---|---|---|
| 003 | OSt | ||
| 005 | 20220928102131.0 | ||
| 006 | a|||||r|||| 00| 0 | ||
| 007 | ta | ||
| 008 | 220927b |||||||| |||| 00| 0 eng d | ||
| 024 | _a50916 | ||
| 037 | _cTextual | ||
| 040 |
_aSDCL _cSDCL _beng |
||
| 041 |
_2eng _aeng |
||
| 082 | _aO35:gxK44,1, 152J6 | ||
| 100 |
_aSah Akbar _9396746 |
||
| 245 | 0 | _aShringar manjari. | |
| 260 |
_aLucknow _bLucknow Vishwavidyalaya _c1956 |
||
| 300 |
_a144,3p _ccm. |
||
| 942 |
_hO35:gxK44,1, 152J6 _cTEXL _2CC |
||
| 999 |
_c712505 _d712505 |
||